[Event "Move!"]
[Site "SchemingMind.com"]
[Date "2009.12.05"]
[Round "-"]
[White "Gammon"]
[Black "Black Knight"]
[Result "0-1"]
[WhiteCountry "USA"]
[BlackCountry "USA"]
[WhiteElo "1394"]
[WhiteRD "49"]
[BlackElo "1455"]
[BlackRD "68"]
[GameID "229669"]

1. d4 Nf6 2. c4 g6 3. Nf3 d6 4. Nc3 e6 5. e4 Bg7 6. Bg5 O-O 7. e5 dxe5 8. dxe5 Qxd1+ 9. Rxd1 Nfd7 10. Be2 h6
11. Be3 Nc6 12. O-O Ndxe5 13. c5 b6 14. Nb5 Ba6 15. Rfe1 Rad8 16. Nfd4 Nxd4 17. Nxd4 bxc5 18. Nb5 Bxb5 19. Bxb5 c6 20. Bxc5 cxb5
21. Bxf8 Rxd1 22. Rxd1 Bxf8 23. f4 Bc5+ 24. Kf1 Nc4 25. Ke2 Nxb2 26. Rd7 Bg1 27. h4 Nc4 28. Rxa7 Bxa7
0-1